<?xml version="1.0" encoding="UTF-8"?>
<record
    xmlns:xsi="http://www.w3.org/2001/XMLSchema-instance"
    xsi:schemaLocation="http://www.loc.gov/MARC21/slim http://www.loc.gov/standards/marcxml/schema/MARC21slim.xsd"
    xmlns="http://www.loc.gov/MARC21/slim">

  <leader>00798naa a2200217 a 4500</leader>
  <controlfield tag="001"> 80440</controlfield>
  <controlfield tag="003">BD-RjUL</controlfield>
  <controlfield tag="005">20220927100532.0</controlfield>
  <controlfield tag="008">220927s1965    pk ||||| |||| 00| 0 urd d</controlfield>
  <datafield tag="035" ind1=" " ind2=" ">
    <subfield code="a">(BD-RjUL) 80440</subfield>
  </datafield>
  <datafield tag="040" ind1=" " ind2=" ">
    <subfield code="a">BD-RjUL</subfield>
    <subfield code="b">eng</subfield>
    <subfield code="c">BD-RjUL</subfield>
  </datafield>
  <datafield tag="041" ind1=" " ind2=" ">
    <subfield code="a">urd</subfield>
  </datafield>
  <datafield tag="082" ind1=" " ind2=" ">
    <subfield code="2">23</subfield>
    <subfield code="a">340.5908</subfield>
    <subfield code="b">RAM 1965</subfield>
  </datafield>
  <datafield tag="100" ind1=" " ind2=" ">
    <subfield code="a">&#x627;&#x644;&#x631;&#x62D;&#x645;&#x646;,  &#x62A;&#x646;&#x632;&#x64A;&#x644;  ## rahman,  tanzil</subfield>
    <subfield code="9">5021</subfield>
  </datafield>
  <datafield tag="245" ind1=" " ind2=" ">
    <subfield code="a">&#x645;&#x62C;&#x645;&#x648;&#x639;&#x647; &#x642;&#x648;&#x627;&#x646;&#x64A;&#x646; &#x627;&#x633;&#x644;&#x627;&#x645;  # # majmueuh qawanin asalam /</subfield>
    <subfield code="c">&#x62A;&#x646;&#x632;&#x64A;&#x644; &#x627;&#x644;&#x631;&#x62D;&#x645;&#x646; # # tanzil alrahman</subfield>
  </datafield>
  <datafield tag="260" ind1=" " ind2=" ">
    <subfield code="a">Karachi : </subfield>
    <subfield code="b">Markazi adarah Tahqiqat Islami, </subfield>
    <subfield code="c">1965-69</subfield>
  </datafield>
  <datafield tag="300" ind1=" " ind2=" ">
    <subfield code="a">V. ;</subfield>
    <subfield code="c">24 cm </subfield>
  </datafield>
  <datafield tag="505" ind1=" " ind2=" ">
    <subfield code="a">V-1. Nikah, mohor, nafqah.---v. 3. nisab aolad wa hajanat, nafqah aolad wa aba-a- wa azdad,  hibah aur oqf.--</subfield>
  </datafield>
  <datafield tag="650" ind1=" " ind2=" ">
    <subfield code="a">Islamic law</subfield>
    <subfield code="v"> collection</subfield>
    <subfield code="9">5022</subfield>
  </datafield>
  <datafield tag="942" ind1=" " ind2=" ">
    <subfield code="2">ddc</subfield>
    <subfield code="c">BK</subfield>
  </datafield>
  <datafield tag="999" ind1=" " ind2=" ">
    <subfield code="c">80440</subfield>
    <subfield code="d">80440</subfield>
  </datafield>
  <datafield tag="952" ind1=" " ind2=" ">
    <subfield code="0">0</subfield>
    <subfield code="1">0</subfield>
    <subfield code="2">ddc</subfield>
    <subfield code="4">0</subfield>
    <subfield code="7">1</subfield>
    <subfield code="8">NFIC</subfield>
    <subfield code="a">RUCL</subfield>
    <subfield code="b">RUCL</subfield>
    <subfield code="c">Reading</subfield>
    <subfield code="d">1968-11-26</subfield>
    <subfield code="e">Pak Law House</subfield>
    <subfield code="g">10.00</subfield>
    <subfield code="l">0</subfield>
    <subfield code="o">U 340.5908 RAM V-1 1965</subfield>
    <subfield code="r">2022-09-27 00:00:00</subfield>
    <subfield code="t">C-1</subfield>
    <subfield code="w">2022-09-27</subfield>
    <subfield code="y">BK</subfield>
  </datafield>
  <datafield tag="952" ind1=" " ind2=" ">
    <subfield code="0">0</subfield>
    <subfield code="1">0</subfield>
    <subfield code="2">ddc</subfield>
    <subfield code="4">0</subfield>
    <subfield code="7">1</subfield>
    <subfield code="8">NFIC</subfield>
    <subfield code="a">RUCL</subfield>
    <subfield code="b">RUCL</subfield>
    <subfield code="c">Reading</subfield>
    <subfield code="d">0000-00-00</subfield>
    <subfield code="e">Pak Law House</subfield>
    <subfield code="g">15.00</subfield>
    <subfield code="l">0</subfield>
    <subfield code="o">U 340.5908 RAM V-3 1969</subfield>
    <subfield code="r">2022-09-27 00:00:00</subfield>
    <subfield code="t">C-1</subfield>
    <subfield code="w">2022-09-27</subfield>
    <subfield code="y">BK</subfield>
  </datafield>
</record>
